000 00487nam a22001937a 4500
003 MPLRDC
005 20220104152042.0
008 210129b ||||| |||| 00| 0 eng d
020 _a957-518-047-X
082 _a415.14 LJN-2
100 _a雷久南
245 _a身心灵整体健康
_c
250 _a八版
260 _a
_b财团法人台北市慧炬出版社
_c1992
300 _b
490 _a新编古醋谂墒导. 3015
650 _a症状
942 _cBK
_o415.14 LJN-2
999 _c52690
_d52680